[Event "Berlin Lichtenrade op 15th"]
[Site "Berlin"]
[Date "2019.10.15"]
[Round "4"]
[White "Rosmait, Emily"]
[Black "Baumeister, Wolfgang"]
[Result "1-0"]
[WhiteElo "1908"]
[BlackElo "1756"]
[PlyCount "115"]
[EventDate "2019.10.12"]
[EventType "swiss"]
[EventRounds "9"]
[EventCountry "GER"]
[SourceTitle "CBM 195 Extra"]
[Source "ChessBase"]
[SourceDate "2020.05.31"]
[SourceVersion "1"]
[SourceVersionDate "2020.05.31"]
[SourceQuality "1"]

1. e4 e5 2. Nf3 Nc6 3. Bb5 a6 4. Ba4 Nf6 5. d4 exd4 6. 0-0 Nxe4 7. Re1 d5 8. Nxd4 Bd6 9. Bxc6+ bxc6 10. Nc3 Bxh2+ 11. Kf1 0-0 12. Nxe4 dxe4 13. Rxe4 c5 14. Qh5 Qd6 15. Rh4 Qg6 16. Qxc5 Bd6 17. Qg5 Rb8 18. Qxg6 fxg6 19. Re4 Bb7 20. Re1 Bd5 21. b3 Bb4 22. Rd1 Bc3 23. Rb1 Rbe8 24. f3 Re5 25. Ne2 Bb4 26. Bb2 Rg5 27. Kf2 Bc5+ 28. Bd4 Rxg2+ 29. Kxg2 Bxf3+ 30. Kf2 Bh5+ 31. Ke1 Re8 32. Bxc5 Rxe2+ 33. Kf1 Rxc2 34. Rd5 Kf7 35. Re1 Bg4 36. Re7+ Kf6 37. Rxc7 Ke6 38. Rd6+ Kf5 39. b4 Rxa2 40. Rf7+ Ke4 41. Rxg7 Rh2 42. Re7+ Kf4 43. Rxa6 Bh3+ 44. Kg1 Rg2+ 45. Kh1 Rc2 46. Rxh7 Bf5 47. Rf7 Kg3 48. Ra3+ Kg4 49. Re3 Kf4 50. Rfe7 g5 51. Re2 Rc4 52. Kh2 Bd3 53. Rf2+ Kg4 54. Rd7 Rc3 55. Rg2+ Kh5 56. Rd5 Be4 57. Rdxg5+ Kh6 58. Bf8+ 1-0

[Event "Berlin-ch QT"]
[Site "Berlin"]
[Date "2018.04.04"]
[Round "5"]
[White "Baumeister, Wolfgang"]
[Black "Mai, Andreas"]
[Result "0-1"]
[WhiteElo "1740"]
[BlackElo "1980"]
[PlyCount "44"]
[EventDate "2018.03.31"]
[EventType "swiss"]
[EventRounds "9"]
[EventCountry "GER"]
[SourceTitle "EXT 2020"]
[Source "ChessBase"]
[SourceDate "2019.10.17"]
[SourceVersion "1"]
[SourceVersionDate "2019.10.17"]
[SourceQuality "1"]

1. e4 d6 2. f4 e5 3. Nf3 exf4 4. Bc4 Nc6 5. 0-0 Ne5 6. c3 Nxc4 7. Qa4+ c6 8. Qxc4 Be6 9. Qe2 Be7 10. d4 g5 11. Na3 h5 12. e5 d5 13. Ne1 Nh6 14. h4 Nf5 15. hxg5 Ng3 16. Qf3 Nxf1 17. Kxf1 Bxg5 18. Bxf4 h4 19. Bxg5 Qxg5 20. Nd3 h3 21. Kg1 hxg2 22. Qxg2 Qe3+ 0-1

[Event "Berlin Lichtenrade op 13th"]
[Site "Berlin"]
[Date "2017.10.28"]
[Round "1"]
[White "Foerster, Jonas"]
[Black "Baumeister, Wolfgang"]
[Result "1-0"]
[WhiteElo "2268"]
[BlackElo "1793"]
[PlyCount "55"]
[EventDate "2017.10.28"]
[EventType "swiss"]
[EventRounds "9"]
[EventCountry "GER"]
[SourceTitle "CBM 181 Extra"]
[Source "ChessBase"]
[SourceDate "2017.12.12"]
[SourceVersion "1"]
[SourceVersionDate "2017.12.12"]
[SourceQuality "1"]

1. d4 f5 2. c4 e6 3. Nc3 Nf6 4. Bf4 Bb4 5. e3 b6 6. Qb3 a5 7. Nge2 Bb7 8. a3 a4 9. Qc2 Ba5 10. f3 0-0 11. 0-0-0 Bxc3 12. Nxc3 Nh5 13. Be2 Nxf4 14. exf4 Qh4 15. g3 Qh5 16. Rd3 d6 17. Nxa4 b5 18. cxb5 Bd5 19. Nc3 Bc4 20. Re3 Bxe2 21. Qxe2 Nd7 22. Rxe6 Nb6 23. h4 Qf7 24. Re7 Rfe8 25. Re1 Rxe7 26. Qxe7 Qc4 27. Qe6+ Kf8 28. Qxf5+ 1-0

[Event "Berlin Werner Ott op"]
[Site "Berlin"]
[Date "2017.07.15"]
[Round "1"]
[White "Muse, Drazen"]
[Black "Baumeister, Wolfgang"]
[Result "1-0"]
[WhiteElo "2353"]
[BlackElo "1800"]
[PlyCount "131"]
[EventDate "2017.07.15"]
[EventType "swiss"]
[EventRounds "9"]
[EventCountry "GER"]
[SourceTitle "EXT 2019"]
[Source "ChessBase"]
[SourceDate "2018.10.10"]
[SourceVersion "1"]
[SourceVersionDate "2018.10.10"]
[SourceQuality "1"]

1. d4 f5 2. g3 g6 3. h4 h6 4. e4 e6 5. Bg2 Bg7 6. Ne2 Ne7 7. Nbc3 c6 8. Be3 d5 9. e5 b5 10. Nf4 Na6 11. Qd2 Qa5 12. Nd3 Bd7 13. Ne2 Qb6 14. Nec1 Nc7 15. Nc5 a5 16. N1d3 Bc8 17. Nf4 Kf7 18. Bf3 Na6 19. Ncd3 b4 20. a3 Bb7 21. axb4 axb4 22. 0-0 Rhe8 23. Ne2 Ng8 24. Ra4 Bf8 25. Rfa1 Reb8 26. Nec1 Bc8 27. Nb3 Nc7 28. Nbc5 Rxa4 29. Rxa4 Na6 30. Be2 Nxc5 31. dxc5 Qd8 32. Ra7+ Rb7 33. Rxb7+ Bxb7 34. Qxb4 Qc8 35. Qa3 Be7 36. Bd4 g5 37. h5 Bd8 38. g4 Ne7 39. f4 fxg4 40. fxg5 hxg5 41. Bxg4 Nf5 42. Qb4 Qa8 43. Bf2 Ba5 44. Qa3 Bd2 45. Qxa8 Bxa8 46. Kf1 Ne3+ 47. Ke2 Nxg4 48. Kxd2 Bb7 49. Be3 Ba6 50. Bxg5 Bxd3 51. cxd3 Nxe5 52. Bf4 Nd7 53. b4 Kf6 54. d4 Kf5 55. Ke3 Nf6 56. h6 Kg6 57. b5 cxb5 58. c6 Ne8 59. Kd3 b4 60. Kc2 e5 61. Bxe5 Kxh6 62. Kb3 Kg6 63. Kxb4 Kf5 64. c7 Nxc7 65. Bxc7 Ke6 66. Kc5 1-0

[Event "Berlin Kreuzberg op"]
[Site "Berlin"]
[Date "2015.07.19"]
[Round "9"]
[White "Baumeister, Wolfgang"]
[Black "Schmidek, Emil"]
[Result "0-1"]
[WhiteElo "1805"]
[BlackElo "2228"]
[PlyCount "56"]
[EventDate "2015.07.11"]
[EventType "swiss"]
[EventRounds "9"]
[EventCountry "GER"]
[SourceTitle "CBM 167 Extra"]
[Source "ChessBase"]
[SourceDate "2015.09.14"]
[SourceVersion "1"]
[SourceVersionDate "2015.09.14"]
[SourceQuality "1"]

1. e4 e5 2. Nf3 Nc6 3. Bc4 Nf6 4. d4 exd4 5. 0-0 Nxe4 6. Re1 d5 7. Bxd5 Qxd5 8. Nc3 Qa5 9. Nxe4 Be6 10. Bg5 h6 11. Bf4 0-0-0 12. a3 g5 13. b4 Qd5 14. Bc1 Be7 15. Bb2 g4 16. Nfd2 f5 17. c4 dxc3 18. Bxc3 fxe4 19. Bxh8 Rxh8 20. Rxe4 Bf5 21. Re2 Rd8 22. Qe1 Bf6 23. Rc1 Nd4 24. Re8 Ne6 25. Rxd8+ Bxd8 26. Nc4 Bd3 27. Ne3 Qe4 28. Qc3 Nf4 0-1

[Event "Berlin Werner Ott op"]
[Site "Berlin"]
[Date "2014.07.05"]
[Round "1"]
[White "Horstmann, Olaf"]
[Black "Baumeister, Wolfgang"]
[Result "1-0"]
[WhiteElo "2182"]
[BlackElo "1801"]
[PlyCount "51"]
[EventDate "2014.07.05"]
[EventType "swiss"]
[EventRounds "9"]
[EventCountry "GER"]
[SourceTitle "CBM 161 Extra"]
[Source "ChessBase"]
[SourceDate "2014.08.29"]
[SourceVersion "1"]
[SourceVersionDate "2014.08.29"]
[SourceQuality "1"]

1. e4 e5 2. Bc4 Nc6 3. Nc3 Bc5 4. d3 d6 5. Nf3 Bg4 6. h3 Bh5 7. Nd5 Nd4 8. g4 Bg6 9. Nxd4 Bxd4 10. c3 Bb6 11. Qf3 h5 12. Bd2 Ne7 13. Nxb6 axb6 14. 0-0-0 Ra7 15. Qe2 Nc6 16. f4 h4 17. f5 Bh7 18. g5 Bg8 19. f6 gxf6 20. gxf6 Qa8 21. Qg4 Rxa2 22. Qg7 Ra1+ 23. Kc2 Qa4+ 24. Bb3 Nd4+ 25. cxd4 Qc6+ 26. Bc3 1-0

[Event "Berlin Spring op-B"]
[Site "Berlin"]
[Date "2014.05.03"]
[Round "5"]
[White "Engel, Robert"]
[Black "Baumeister, Wolfgang"]
[Result "1-0"]
[WhiteElo "1279"]
[BlackElo "1659"]
[PlyCount "117"]
[EventDate "2014.05.01"]
[EventType "swiss"]
[EventRounds "7"]
[EventCountry "GER"]
[SourceTitle "CBM 160 Extra"]
[Source "ChessBase"]
[SourceDate "2014.07.01"]
[SourceVersion "1"]
[SourceVersionDate "2014.07.01"]
[SourceQuality "1"]

1. e4 d6 2. d4 Nf6 3. Nc3 e5 4. dxe5 dxe5 5. Qxd8+ Kxd8 6. Bg5 c6 7. 0-0-0+ Kc7 8. Nf3 Bg4 9. Bc4 Bb4 10. Bxf6 gxf6 11. Bxf7 Bxc3 12. bxc3 b5 13. Rd3 a5 14. h3 Rf8 15. hxg4 Rxf7 16. g5 Nd7 17. gxf6 Rh8 18. Rh6 Rg8 19. g3 Nc5 20. Re3 Kd6 21. Nh4 Ke6 22. Re2 Rg4 23. f4 exf4 24. gxf4 Rxf4 25. e5 Ne4 26. Ng2 Rg4 27. Rh3 Kxe5 28. Ne3 Rf4 29. Ng2 Rg4 30. Ne3 Rg1+ 31. Kb2 Kxf6 32. Rh6+ Kg5 33. Rxc6 Rf6 34. Rc8 Ng3 35. Rh2 h5 36. Rc5+ Kg6 37. Rxb5 Rh1 38. Rbxh5 Rxh2 39. Rxh2 Rb6+ 40. Ka3 Ne4 41. Rg2+ Kf7 42. Nd5 Rc6 43. Kb3 Ke6 44. c4 Ke5 45. Ne3 Nc5+ 46. Kb2 Kf4 47. Nd5+ Kf3 48. Rg7 Na4+ 49. Kb3 Nc5+ 50. Kc3 Ke2 51. Rc7 Na4+ 52. Kd4 Rh6 53. Nc3+ Nxc3 54. Kxc3 Ra6 55. c5 a4 56. Rd7 Ra5 57. Kb4 Ra8 58. c6 Rc8 59. c7 1-0

[Event "Berlin Spring op-B"]
[Site "Berlin"]
[Date "2014.05.02"]
[Round "4"]
[White "Baumeister, Wolfgang"]
[Black "Flumenbaum, Jack"]
[Result "1-0"]
[WhiteElo "1659"]
[BlackElo "1313"]
[PlyCount "59"]
[EventDate "2014.05.01"]
[EventType "swiss"]
[EventRounds "7"]
[EventCountry "GER"]
[SourceTitle "CBM 160 Extra"]
[Source "ChessBase"]
[SourceDate "2014.07.01"]
[SourceVersion "1"]
[SourceVersionDate "2014.07.01"]
[SourceQuality "1"]

1. f4 Nf6 2. Nf3 g6 3. e3 Bg7 4. Be2 d6 5. 0-0 Nc6 6. d3 0-0 7. Qe1 e5 8. Nc3 Be6 9. Qh4 Nd7 10. Bd2 Ne7 11. Ng5 h6 12. Nxe6 fxe6 13. fxe5 Rxf1+ 14. Rxf1 Nxe5 15. d4 Nf7 16. Qg4 Ng5 17. h4 Nh7 18. Qxe6+ Kh8 19. Rf7 Bf8 20. Ne4 d5 21. Nf6 Nxf6 22. Qxf6+ Kg8 23. Qe6 Kh8 24. Bb4 Qc8 25. Qf6+ Kg8 26. Bxe7 Qf5 27. Rxf8+ Rxf8 28. Qxf8+ Qxf8 29. Bxf8 Kxf8 30. c4 1-0

[Event "Berlin Spring op-B"]
[Site "Berlin"]
[Date "2014.05.01"]
[Round "1"]
[White "Engel, Peter"]
[Black "Baumeister, Wolfgang"]
[Result "0-1"]
[WhiteElo "1239"]
[BlackElo "1659"]
[PlyCount "104"]
[EventDate "2014.05.01"]
[EventType "swiss"]
[EventRounds "7"]
[EventCountry "GER"]
[SourceTitle "CBM 160 Extra"]
[Source "ChessBase"]
[SourceDate "2014.07.01"]
[SourceVersion "1"]
[SourceVersionDate "2014.07.01"]
[SourceQuality "1"]

1. e4 e5 2. Nf3 Nc6 3. Bc4 Bc5 4. 0-0 d6 5. c3 Bg4 6. b4 Bb6 7. a4 a6 8. a5 Ba7 9. b5 axb5 10. Bxb5 Nge7 11. h3 Bh5 12. Bb2 0-0 13. d3 Nb8 14. d4 c6 15. Bd3 Nd7 16. Nbd2 Bb8 17. a6 b5 18. Qe2 Qc8 19. c4 bxc4 20. Bxc4 d5 21. Bd3 Bxf3 22. Nxf3 dxe4 23. Bxe4 f5 24. Qc4+ Kh8 25. Bc2 e4 26. Ng5 Nd5 27. Rfe1 Rf6 28. Bc1 h6 29. Qe2 Nf4 30. Bxf4 Bxf4 31. h4 hxg5 32. g3 Qc7 33. Kg2 Rh6 34. Rh1 gxh4 35. Rxh4 Rxh4 36. gxh4 Nf6 37. h5 Qf7 38. Rh1 Kh7 39. Qd1 Rxa6 40. Bb3 Qd7 41. Bc4 Ra3 42. Bb3 Bg5 43. Qc2 f4 44. f3 Kh6 45. Qb1 c5 46. d5 exf3+ 47. Kf1 Qb5+ 48. Kg1 Nxh5 49. Rxh5+ Kxh5 50. Qh7+ Kg4 51. d6 Ra1+ 52. Kh2 Qe2# 0-1

[Event "Berlin-ch QT"]
[Site "Berlin"]
[Date "2014.04.22"]
[Round "4"]
[White "Baumeister, Wolfgang"]
[Black "Silz, Elisa"]
[Result "0-1"]
[WhiteElo "1796"]
[BlackElo "1922"]
[PlyCount "70"]
[EventDate "2014.04.19"]
[EventType "swiss"]
[EventRounds "9"]
[EventCountry "GER"]
[SourceTitle "EXT 2022"]
[Source "ChessBase"]
[SourceDate "2021.10.06"]
[SourceVersion "1"]
[SourceVersionDate "2021.10.06"]
[SourceQuality "1"]

1. f4 Nf6 2. Nf3 g6 3. d3 d5 4. c3 Bg7 5. Qc2 0-0 6. e4 dxe4 7. dxe4 e6 8. Bd3 c5 9. Be3 Qc7 10. 0-0 Ng4 11. Qc1 Nxe3 12. Qxe3 Bh6 13. e5 Nd7 14. Nbd2 Nb6 15. c4 f5 16. h4 Rd8 17. Be2 Nd7 18. Ng5 Nf8 19. Ndf3 b6 20. Nh2 Bb7 21. g4 Bxg5 22. hxg5 Rd4 23. b3 Rad8 24. Rad1 Qd7 25. Qc1 Rd2 26. Rxd2 Qxd2 27. Bf3 Bxf3 28. Nxf3 Qxa2 29. gxf5 gxf5 30. Rd1 Rxd1+ 31. Qxd1 Qb2 32. Kf1 a6 33. Nh4 Qh2 34. Qh5 Ng6 35. Qf3 Qxh4 0-1

[Event "Berlin Werner Ott op"]
[Site "Berlin"]
[Date "2012.07.07"]
[Round "1"]
[White "Baumeister, Wolfgang"]
[Black "Lerch, Philipp"]
[Result "0-1"]
[WhiteElo "1802"]
[BlackElo "2092"]
[PlyCount "86"]
[EventDate "2012.07.07"]
[EventType "swiss"]
[EventRounds "9"]
[EventCountry "GER"]
[SourceTitle "CBM 149 Extra"]
[Source "ChessBase"]
[SourceDate "2012.08.24"]
[SourceVersion "1"]
[SourceVersionDate "2012.08.24"]
[SourceQuality "1"]

1. f4 Nf6 2. Nf3 g6 3. e3 Bg7 4. Be2 0-0 5. 0-0 d6 6. d3 Nc6 7. Qe1 d5 8. Bd1 Re8 9. Ne5 Qd6 10. Qg3 Nd7 11. Nf3 Nf8 12. Nc3 a6 13. Ne2 e5 14. Nh4 exf4 15. exf4 Ne7 16. c3 Nf5 17. Qf2 Nxh4 18. Qxh4 Bf5 19. d4 Nd7 20. g4 Bd3 21. Rf2 c5 22. f5 cxd4 23. Bd2 Qb6 24. fxg6 hxg6 25. Bh6 dxc3 26. Bxg7 Kxg7 27. Nxc3 Qd6 28. Bb3 Bc4 29. Bc2 Ne5 30. b3 Bd3 31. Bxd3 Nxd3 32. Rf3 Ne5 33. Rf4 Rac8 34. Ne2 Qb6+ 35. Kh1 Rh8 36. Qe7 Rce8 37. Qb4 Qxb4 38. Rxb4 Nd3 39. Rd4 Nf2+ 40. Kg2 Rxe2 41. Kf3 Rhe8 42. Rxd5 R8e3+ 43. Kf4 Nh3# 0-1

[Event "Berlin-ch qualification"]
[Site "Berlin-Lichtenrade"]
[Date "2012.04.11"]
[Round "6.13"]
[White "Mahler, Sonja"]
[Black "Baumeister, Wolfgang"]
[Result "1-0"]
[WhiteElo "1635"]
[BlackElo "1821"]
[PlyCount "47"]
[EventDate "2012.04.08"]
[EventType "swiss"]
[EventRounds "9"]
[EventCountry "GER"]
[SourceTitle "EXT 2022"]
[Source "ChessBase"]
[SourceDate "2021.10.06"]
[SourceVersion "1"]
[SourceVersionDate "2021.10.06"]
[SourceQuality "1"]

1. d4 f5 2. Bf4 Nf6 3. e3 e6 4. Nf3 b6 5. a3 Bb7 6. c4 c5 7. Nc3 d5 8. Nb5 Na6 9. Qa4 Qd7 10. Ne5 0-0-0 11. Nxd7 Rxd7 12. Be5 Ng4 13. Nxa7+ Kd8 14. cxd5 Bxd5 15. Qxa6 Rb7 16. Bb5 Nxe5 17. dxe5 Bxg2 18. Rd1+ Ke7 19. Nc8+ Kf7 20. Rg1 Be4 21. Rd8 c4 22. Be8+ Kg8 23. Qxc4 Bd5 24. Rxd5 1-0

[Event "Berlin-ch qualification"]
[Site "Berlin-Lichtenrade"]
[Date "2011.05.01"]
[Round "9.17"]
[White "Baumeister, Wolfgang"]
[Black "Walter, Guenter"]
[Result "1/2-1/2"]
[WhiteElo "1806"]
[BlackElo "1994"]
[PlyCount "27"]
[EventDate "2011.04.23"]
[EventType "swiss"]
[EventRounds "9"]
[EventCountry "GER"]
[SourceTitle "EXT 2022"]
[Source "ChessBase"]
[SourceDate "2021.10.06"]
[SourceVersion "1"]
[SourceVersionDate "2021.10.06"]
[SourceQuality "1"]

1. f4 e5 2. fxe5 d6 3. exd6 Bxd6 4. Nf3 Nf6 5. Nc3 Bg4 6. e3 Nbd7 7. Be2 c6 8. 0-0 Qc7 9. h3 Bh5 10. Ng5 Bh2+ 11. Kh1 Bg6 12. d4 0-0 13. Bd3 Nh5 14. e4 1/2-1/2

[Event "Stuttgart-chA int"]
[Site "Ditzingen"]
[Date "2010.05.15"]
[Round "5"]
[White "Baumeister, Wolfgang"]
[Black "Turski, Tomasz"]
[Result "0-1"]
[WhiteElo "1881"]
[BlackElo "2056"]
[PlyCount "104"]
[EventDate "2010.05.13"]
[EventType "swiss"]
[EventRounds "7"]
[EventCountry "GER"]
[SourceTitle "EXT 2018"]
[Source "ChessBase"]
[SourceDate "2017.10.13"]
[SourceVersion "1"]
[SourceVersionDate "2017.10.13"]
[SourceQuality "1"]

1. e4 d6 2. d4 Nf6 3. Nc3 c6 4. f3 g6 5. Be3 Bg7 6. Qd2 0-0 7. 0-0-0 Qc7 8. g4 b5 9. h4 e5 10. dxe5 dxe5 11. Bc5 Re8 12. h5 Nbd7 13. Be3 Nf8 14. h6 Bh8 15. Kb1 Be6 16. Bd3 Red8 17. Nh3 Bc4 18. Qc1 Bxd3 19. Rxd3 Rxd3 20. cxd3 Ne6 21. Ng5 Qd7 22. Qc2 a5 23. Nxe6 Qxe6 24. Bc5 Nd7 25. Ne2 Bf6 26. Be3 Be7 27. d4 Bf8 28. dxe5 Nxe5 29. Nd4 Qd7 30. Rd1 Rd8 31. Bg5 Be7 32. Bxe7 Qxe7 33. Nb3 a4 34. Rxd8+ Qxd8 35. Nc1 Nc4 36. Qc3 Qf8 37. g5 f6 38. Qxf6 Qxf6 39. gxf6 Kf7 40. Kc2 Kxf6 41. Ne2 g5 42. Nd4 Ne5 43. b3 axb3+ 44. Kxb3 Kg6 45. Nxb5 cxb5 46. Kb4 Nxf3 47. Kxb5 g4 48. a4 Nd4+ 49. Kc4 Nc6 50. Kd3 Kxh6 51. Ke3 Kg5 52. e5 Kf5 0-1

[Event "Stuttgart-chA int"]
[Site "Ditzingen"]
[Date "2010.05.14"]
[Round "3"]
[White "Schoembs, Oliver"]
[Black "Baumeister, Wolfgang"]
[Result "1-0"]
[WhiteElo "1952"]
[BlackElo "1881"]
[PlyCount "83"]
[EventDate "2010.05.13"]
[EventType "swiss"]
[EventRounds "7"]
[EventCountry "GER"]
[SourceTitle "EXT 2018"]
[Source "ChessBase"]
[SourceDate "2017.10.13"]
[SourceVersion "1"]
[SourceVersionDate "2017.10.13"]
[SourceQuality "1"]

1. d4 Nf6 2. c4 e6 3. Nc3 Bb4 4. Qc2 c5 5. e3 Na6 6. a3 Bxc3+ 7. bxc3 0-0 8. Nf3 d6 9. Be2 Re8 10. e4 e5 11. d5 Qa5 12. Nd2 Bd7 13. a4 Reb8 14. Bb2 Qd8 15. h3 b6 16. Nf1 Rb7 17. Ng3 Nc7 18. 0-0 a6 19. Bc1 Nfe8 20. Bd3 Qh4 21. Kh2 g5 22. Qd2 f6 23. Rh1 Rab8 24. Kg1 b5 25. axb5 axb5 26. cxb5 Nxb5 27. Ne2 Ng7 28. Ra6 Rb6 29. Qa2 Kf7 30. Bxb5 Rxb5 31. Rxd6 Ke7 32. Ra6 Qxe4 33. Kh2 Qd3 34. Ng3 Qxc3 35. Ne4 Qd4 36. d6+ Kd8 37. Qg8+ Ne8 38. Nxf6 Rb1 39. Nxe8 Bxe8 40. Qxg5+ Kd7 41. Qe7+ Kc8 42. Qc7# 1-0

[Event "Berlin Lichtenberger op 7th"]
[Site "Berlin"]
[Date "2008.08.22"]
[Round "7"]
[White "Baumeister, Wolfgang"]
[Black "Berendsen, Markus"]
[Result "0-1"]
[WhiteElo "1806"]
[BlackElo "2123"]
[PlyCount "134"]
[EventDate "2008.08.16"]
[EventType "swiss"]
[EventRounds "9"]
[EventCountry "GER"]
[SourceTitle "CBM 126 Extra"]
[Source "ChessBase"]
[SourceDate "2008.11.05"]
[SourceVersion "1"]
[SourceVersionDate "2008.11.05"]
[SourceQuality "1"]

1. e4 c5 2. Nf3 Nc6 3. Bb5 g6 4. c3 Nf6 5. Qa4 Bg7 6. d4 cxd4 7. Bxc6 dxc6 8. e5 Nd5 9. cxd4 0-0 10. 0-0 Be6 11. Ng5 Qd7 12. Nxe6 Qxe6 13. Qb3 Rab8 14. Nc3 Rfd8 15. Ne4 Nc7 16. Nc5 Qxb3 17. Nxb3 Ne6 18. Be3 f5 19. f4 Rd5 20. Rad1 Rbd8 21. a4 Kf7 22. Rd2 Bf8 23. Rfd1 Nc7 24. Nc5 Rb8 25. Nd3 e6 26. b4 a5 27. bxa5 Rxa5 28. Nb2 Nd5 29. Rd3 b5 30. Bd2 Ra6 31. Rb3 Ke8 32. g3 Kd7 33. Rc1 Raa8 34. axb5 Rxb5 35. Rxb5 cxb5 36. Nd3 Ra4 37. Nc5+ Bxc5 38. dxc5 Kc6 39. Kf2 Ra2 40. Ke2 b4 41. Kd3 Ra5 42. Rc4 Rb5 43. Kc2 Rxc5 44. Kb3 Rxc4 45. Kxc4 b3 46. Kxb3 Kb5 47. Kc2 Kc4 48. Kd1 Kd3 49. Ke1 h5 50. Ba5 Ke3 51. Bd8 Kf3 52. Kf1 Ne3+ 53. Kg1 Ng2 54. Bg5 h4 55. gxh4 Nxf4 56. Bf6 Nd3 57. Kf1 Ke4 58. Ke2 Nxe5 59. Bxe5 Kxe5 60. Kf3 Kf6 61. Ke3 e5 62. Kf3 Kg7 63. Kg3 Kh6 64. Kf3 Kh5 65. Kg3 e4 66. h3 e3 67. Kf3 f4 0-1

[Event "Berlin Lichtenberger op 7th"]
[Site "Berlin"]
[Date "2008.08.19"]
[Round "4"]
[White "Alihodzic, Ahmo"]
[Black "Baumeister, Wolfgang"]
[Result "0-1"]
[WhiteElo "1954"]
[BlackElo "1806"]
[PlyCount "96"]
[EventDate "2008.08.16"]
[EventType "swiss"]
[EventRounds "9"]
[EventCountry "GER"]
[SourceTitle "CBM 126 Extra"]
[Source "ChessBase"]
[SourceDate "2008.11.05"]
[SourceVersion "1"]
[SourceVersionDate "2008.11.05"]
[SourceQuality "1"]

1. d4 Nf6 2. c4 e6 3. g3 Bb4+ 4. Bd2 Qe7 5. Bg2 0-0 6. e4 e5 7. d5 a5 8. Ne2 Na6 9. 0-0 Bxd2 10. Qxd2 Nc5 11. Nec3 Ne8 12. Na3 d6 13. Nc2 f5 14. exf5 Bxf5 15. Ne3 Bg6 16. b3 h5 17. Rad1 Nf6 18. f3 Rae8 19. Nb5 Ra8 20. h3 h4 21. g4 Nh7 22. Kh1 Nd3 23. Qe2 Nf4 24. Qf2 Bd3 25. Rfe1 c6 26. dxc6 bxc6 27. Nc3 Qg5 28. Rd2 e4 29. Kh2 Nxg2 30. Qxg2 Rxf3 31. Nf5 Qf4+ 32. Kg1 g6 33. Nxh4 Rg3 34. Nxg6 Rxg2+ 35. Rxg2 Qf6 36. Nxe4 Bxe4 37. Rxe4 Qxg6 38. Rge2 Ng5 39. R4e3 Rf8 40. Kg2 Kg7 41. Kg3 d5 42. cxd5 cxd5 43. a3 Qd6+ 44. Kg2 Qxa3 45. h4 Ne4 46. Kh3 Qc1 47. Re1 Rf3+ 48. Kg2 Qxe3 0-1

[Event "Berlin Lichtenberger op 7th"]
[Site "Berlin"]
[Date "2008.08.16"]
[Round "1"]
[White "Baumeister, Wolfgang"]
[Black "Carrasco, Paul"]
[Result "1/2-1/2"]
[WhiteElo "1806"]
[BlackElo "2041"]
[PlyCount "45"]
[EventDate "2008.08.16"]
[EventType "swiss"]
[EventRounds "9"]
[EventCountry "GER"]
[SourceTitle "CBM 126 Extra"]
[Source "ChessBase"]
[SourceDate "2008.11.05"]
[SourceVersion "1"]
[SourceVersionDate "2008.11.05"]
[SourceQuality "1"]

1. e4 Nf6 2. Nc3 d5 3. exd5 Nxd5 4. Bc4 Nxc3 5. Qf3 e6 6. Qxc3 Nd7 7. Nf3 c5 8. 0-0 Nf6 9. Re1 Bd6 10. d4 0-0 11. dxc5 Bxc5 12. Bg5 Qb6 13. Re2 Nd5 14. Bxd5 exd5 15. Be7 Bxe7 16. Rxe7 h6 17. Rae1 Bg4 18. Qd4 Bxf3 19. Qxb6 axb6 20. gxf3 Rxa2 21. Rb1 Rc8 22. Rxb7 Rxc2 23. Rxb6 1/2-1/2

[Event "Berlin Eckbauer op 10th"]
[Site "Berlin"]
[Date "2007.11.06"]
[Round "7"]
[White "Baumeister, Wolfgang"]
[Black "Schilly, Hans Joachim"]
[Result "1-0"]
[WhiteElo "1754"]
[BlackElo "1824"]
[PlyCount "123"]
[EventDate "2007.08.18"]
[EventType "swiss"]
[EventRounds "7"]
[EventCountry "GER"]
[SourceTitle "EXT 2022"]
[Source "ChessBase"]
[SourceDate "2021.10.06"]
[SourceVersion "1"]
[SourceVersionDate "2021.10.06"]
[SourceQuality "1"]

1. e4 c6 2. Nc3 d5 3. Nf3 d4 4. Ne2 c5 5. c3 Nc6 6. cxd4 cxd4 7. Qa4 Bd7 8. Nexd4 Nf6 9. d3 e5 10. Nxc6 Bxc6 11. Qd1 Be7 12. Be2 0-0 13. 0-0 Nd7 14. Bd2 Kh8 15. Bc3 Qc7 16. Rc1 Rad8 17. b4 Qb8 18. a4 a6 19. Qb3 f6 20. Bd2 Nb6 21. b5 axb5 22. axb5 Be8 23. Be3 Bf7 24. Qb1 Nd7 25. b6 Qa8 26. d4 exd4 27. Nxd4 Bc5 28. Nf5 Bxe3 29. Nxe3 Qa5 30. Rc7 Qxb6 31. Qxb6 Nxb6 32. Rb1 Nc8 33. Rcxb7 Nd6 34. R1b4 Bg6 35. f3 Ra8 36. Rd7 Ra2 37. Bf1 Nf7 38. f4 h5 39. h4 Nd8 40. f5 Bh7 41. Rc4 Nf7 42. Rcc7 Bg8 43. Bc4 Ra1+ 44. Kf2 Ne5 45. Rxg7 Nxc4 46. Nxc4 Ra2+ 47. Kf3 Rd8 48. Ne3 Ra3 49. Kf4 Rdd3 50. Nc2 Ra2 51. Rg6 Bb3 52. Ne1 Rf2+ 53. Nf3 Bd1 54. Rg3 Rdd2 55. Rcg7 Bxf3 56. gxf3 Rh2 57. Rg8+ Kh7 58. R8g7+ Kh8 59. R7g6 Kh7 60. Rxf6 Rxh4+ 61. Kg5 Rhh2 62. Rh6+ 1-0

[Event "Berlin Eckbauer op 10th"]
[Site "Berlin"]
[Date "2007.10.30"]
[Round "6"]
[White "Prinz, Tade"]
[Black "Baumeister, Wolfgang"]
[Result "0-1"]
[WhiteElo "1713"]
[BlackElo "1754"]
[PlyCount "154"]
[EventDate "2007.08.18"]
[EventType "swiss"]
[EventRounds "7"]
[EventCountry "GER"]
[SourceTitle "EXT 2022"]
[Source "ChessBase"]
[SourceDate "2021.10.06"]
[SourceVersion "1"]
[SourceVersionDate "2021.10.06"]
[SourceQuality "1"]

1. d4 e5 2. d5 f5 3. c4 Nf6 4. Nc3 a6 5. Qc2 d6 6. e3 c6 7. f3 Qc7 8. e4 cxd5 9. cxd5 Nbd7 10. Bg5 h6 11. Bh4 Be7 12. Rc1 fxe4 13. fxe4 Nxd5 14. exd5 Bxh4+ 15. g3 Bg5 16. Qg6+ Kf8 17. Rc2 Nf6 18. b4 Qf7 19. Bd3 Qxg6 20. Bxg6 Bd7 21. a4 Rc8 22. b5 e4 23. Nge2 axb5 24. axb5 Bxb5 25. Bf5 Rc5 26. Be6 Be3 27. Rb2 Ba6 28. Nd1 Bc1 29. Ra2 Ke7 30. Ra1 Bxe2 31. Kxe2 Rc2+ 32. Ke1 Rb8 33. Rg1 Bd2+ 34. Kf1 e3 35. Rg2 Rc1 36. Rxc1 Bxc1 37. Rc2 Bd2 38. Rc7+ Kd8 39. Rxg7 Ra8 40. Rg6 Ra1 41. Ke2 Ne4 42. Nxe3 Re1+ 43. Kd3 Rxe3+ 44. Kc2 Rc3+ 45. Kd1 Bg5 46. Rg8+ Kc7 47. Rg7+ Kb6 48. Rf7 Ka6 49. Rf8 b6 50. Bc8+ Kb5 51. Bd7+ Kc5 52. Bc6 b5 53. Rb8 b4 54. Rb5+ Kc4 55. Ra5 Rc1+ 56. Ke2 Nc3+ 57. Kf3 b3 58. Be8 Rf1+ 59. Kg2 Rf6 60. Ra6 Be3 61. Rc6+ Bc5 62. Rc8 b2 63. Rb8 Rf2+ 64. Kh3 Kxd5 65. Bg6 Kc4 66. g4 d5 67. Kg3 Ne4+ 68. Bxe4 dxe4 69. h4 Bd6+ 70. Kxf2 Bxb8 71. Ke3 Kd5 72. g5 hxg5 73. hxg5 b1Q 74. g6 Be5 75. g7 Qd3+ 76. Kf2 Qf3+ 77. Ke1 Bc3# 0-1